[Event "CYCC U12 w"]
[Site "Victoria CAN"]
[Date "2009.07.21"]
[Round "2"]
[White "Tram, Patience"]
[Black "Giblon, Rebecca"]
[Result "0-1"]
[WhiteElo "658"]
[BlackElo "1556"]
[PlyCount "58"]
[GameId "2160767910093776"]
[EventDate "2009.07.21"]
[EventType "swiss"]
[EventRounds "7"]
[EventCountry "CAN"]
[SourceTitle "EXT 2011"]
[Source "ChessBase"]
[SourceDate "2011.11.26"]
[SourceVersion "1"]
[SourceVersionDate "2011.11.26"]
[SourceQuality "1"]

1. e4 e5 2. Nf3 Nc6 3. d4 exd4 4. Nxd4 Bc5 5. Nf5 Qf6 6. Qf3 Nd4 7. Nxd4 Qxd4 8. Be2 Nf6 9. Be3 Qxb2 10. Bd3 Qxa1 11. Ke2 Bxe3 12. Kxe3 Qxa2 13. Nc3 Qe6 14. g3 d5 15. h4 dxe4 16. Bxe4 Nxe4 17. Nxe4 f5 18. Qh5+ g6 19. Qf3 fxe4 20. Qf4 Qe7 21. Ke2 h5 22. Rc1 Bg4+ 23. Ke3 Rf8 24. Qh6 Rf3+ 25. Ke2 Rd8 26. Qxg6+ Rf7+ 27. Ke3 Qc5+ 28. Kxe4 Qe7+ 29. Qe6 Qxe6# 0-1

[Event "CYCC U12 w"]
[Site "Victoria CAN"]
[Date "2009.07.22"]
[Round "3"]
[White "Giblon, Rebecca"]
[Black "Foote, Joanne"]
[Result "1-0"]
[WhiteElo "1556"]
[BlackElo "1345"]
[PlyCount "47"]
[GameId "2160767910093778"]
[EventDate "2009.07.21"]
[EventType "swiss"]
[EventRounds "7"]
[EventCountry "CAN"]
[SourceTitle "EXT 2011"]
[Source "ChessBase"]
[SourceDate "2011.11.26"]
[SourceVersion "1"]
[SourceVersionDate "2011.11.26"]
[SourceQuality "1"]

1. e4 e6 2. d4 d5 3. Nd2 c5 4. c3 Nc6 5. Ngf3 Qb6 6. exd5 exd5 7. Nb3 c4 8. Nbd2 Nf6 9. Be2 Bd6 10. O-O O-O 11. b3 cxb3 12. axb3 Be6 13. Ba3 Bxa3 14. Rxa3 Rac8 15. Qa1 a6 16. c4 Ne7 17. c5 Qc7 18. b4 Qf4 19. b5 Nf5 20. bxa6 bxa6 21. Rxa6 Bd7 22. Rc1 g5 23. Rxf6 g4 24. g3 1-0

[Event "CYCC U12 w"]
[Site "Victoria CAN"]
[Date "2009.07.22"]
[Round "3"]
[White "Sametova, Zhanna"]
[Black "Hou, Louisa Qianqian"]
[Result "1-0"]
[WhiteElo "1145"]
[BlackElo "1331"]
[PlyCount "45"]
[GameId "2160767910093779"]
[EventDate "2009.07.21"]
[EventType "swiss"]
[EventRounds "7"]
[EventCountry "CAN"]
[SourceTitle "hb 2009.10"]

1. e4 c5 2. Nf3 d6 3. d4 cxd4 4. Nxd4 Nf6 5. Nc3 g6 6. g3 Bg7 7. Bg2 Nc6 8. Nxc6 bxc6 9. e5 Nd7 10. Bxc6 Rb8 11. exd6 O-O 12. O-O Rb6 13. Nd5 Rb8 14. dxe7 Qe8 15. exf8=Q+ Qxf8 16. Bxd7 Bxd7 17. Bh6 Be6 18. Nf6+ Kh8 19. Bxg7+ Kxg7 20. Qd4 Qd8 21. Nh5+ Kf8 22. Qg7+ Ke7 23. Rad1 1-0

[Event "CYCC U12 w"]
[Site "Victoria CAN"]
[Date "2009.07.22"]
[Round "4"]
[White "Foote, Joanne"]
[Black "Carradice, Moriah"]
[Result "1-0"]
[WhiteElo "1345"]
[BlackElo "853"]
[PlyCount "71"]
[GameId "2160767910093781"]
[EventDate "2009.07.21"]
[EventType "swiss"]
[EventRounds "7"]
[EventCountry "CAN"]
[SourceTitle "hb 2009.10"]

1. e4 e5 2. f4 exf4 3. Nf3 Nf6 4. Nc3 Nc6 5. d4 Nh5 6. Bc4 b6 7. d5 Na5 8. Bd3 c6 9. Nd4 b5 10. Qxh5 Bc5 11. Qe5+ Be7 12. O-O Nc4 13. Bxc4 bxc4 14. d6 c5 15. Nf5 f6 16. Qxe7+ Qxe7 17. dxe7 Bb7 18. Nd6+ Kxe7 19. Nxb7 Rab8 20. Nxc5 d6 21. Nd5+ Kf7 22. Bxf4 Rbd8 23. Nb7 Rd7 24. Nxd6+ Kg6 25. Nxc4 Re8 26. Rae1 f5 27. Ne5+ Rxe5 28. Bxe5 fxe4 29. Nf4+ Kf7 30. Rxe4 Rd2 31. Bc3 Rxc2 32. Nd3+ Kg6 33. Rg4+ Kh5 34. Ne5 Kh6 35. Rf3 Kh5 36. Rh3# 1-0

[Event "CYCC U12 w"]
[Site "Victoria CAN"]
[Date "2009.07.22"]
[Round "4"]
[White "Hou, Louisa Qianqian"]
[Black "Giblon, Rebecca"]
[Result "1/2-1/2"]
[WhiteElo "1331"]
[BlackElo "1556"]
[PlyCount "113"]
[GameId "2160767910093782"]
[EventDate "2009.07.21"]
[EventType "swiss"]
[EventRounds "7"]
[EventCountry "CAN"]

1. d4 d5 2. c4 e6 3. Nc3 Nf6 4. Bg5 h6 5. Bh4 Bb4 6. Qc2 Nc6 7. e3 O-O 8. Nf3 Re8 9. Bd3 dxc4 10. Bxc4 e5 11. d5 e4 12. Nd2 Bxc3 13. Qxc3 Nxd5 14. Bxd8 Nxc3 15. Bxc7 Na4 16. Rb1 Nc5 17. O-O Be6 18. b4 Bxc4 19. Nxc4 Nd3 20. a3 f5 21. b5 Rec8 22. bxc6 Rxc7 23. cxb7 Rb8 24. Na5 Rc5 25. Nb3 Rb5 26. Nd4 R5xb7 27. Rxb7 Rxb7 28. Nxf5 Rb2 29. f3 exf3 30. gxf3 Ra2 31. Rb1 Ne5 32. Rb8+ Kh7 33. Nd4 Rxa3 34. Kf2 g5 35. Rb3 Rxb3 36. Nxb3 Kg6 37. Kg3 h5 38. h3 Kf5 39. Nd4+ Kg6 40. f4 gxf4+ 41. exf4 Nd3 42. f5+ Kg5 43. h4+ Kf6 44. Kf3 a5 45. Ke4 Nb4 46. Ne2 a4 47. Nc3 a3 48. Kf4 a2 49. Nxa2 Nxa2 50. Ke4 Nc3+ 51. Kd3 Kxf5 52. Kxc3 Kg4 53. Kd2 Kxh4 54. Ke2 Kg3 55. Kf1 h4 56. Kg1 h3 57. Kh1 1/2-1/2

[Event "CYCC U12 w"]
[Site "Victoria CAN"]
[Date "2009.07.22"]
[Round "4"]
[White "Tram, Patience"]
[Black "Peng, Jackie"]
[Result "0-1"]
[WhiteElo "658"]
[BlackElo "1530"]
[PlyCount "46"]
[GameId "2160767910093784"]
[EventDate "2009.07.21"]
[EventType "swiss"]
[EventRounds "7"]
[EventCountry "CAN"]
[SourceTitle "hb 2009.10"]

1. Nc3 Nf6 2. Nf3 Nc6 3. g3 e5 4. Bh3 d5 5. Bg2 Bd6 6. Nb1 Bf5 7. h4 e4 8. Nh2 d4 9. f3 Bxg3+ 10. Kf1 Bxh2 11. Rxh2 O-O 12. c3 exf3 13. Bh3 Bxh3+ 14. Rxh3 fxe2+ 15. Kxe2 Re8+ 16. Kf1 Qd7 17. Rd3 Qf5+ 18. Rf3 Qg4 19. d3 Ne5 20. Kf2 Qxh4+ 21. Rg3 Neg4+ 22. Kg2 Qh2+ 23. Kf3 Qf2# 0-1

[Event "CYCC U12 w"]
[Site "Victoria CAN"]
[Date "2009.07.23"]
[Round "5"]
[White "Carradice, Moriah"]
[Black "Hou, Louisa Qianqian"]
[Result "0-1"]
[WhiteElo "853"]
[BlackElo "1331"]
[PlyCount "78"]
[GameId "2160767910093785"]
[EventDate "2009.07.21"]
[EventType "swiss"]
[EventRounds "7"]
[EventCountry "CAN"]
[SourceTitle "hb 2009.10"]

1. e3 d5 2. Nc3 Nf6 3. Nf3 e6 4. Bb5+ Bd7 5. Ne5 Bd6 6. Bxd7+ Nbxd7 7. Nxd7 Qxd7 8. O-O O-O 9. g3 c5 10. d4 Rac8 11. Qe2 a6 12. b3 cxd4 13. exd4 Rxc3 14. Bb2 Rc7 15. c3 Rfc8 16. Qd3 e5 17. dxe5 Bxe5 18. Rac1 Ne4 19. Rc2 Bxc3 20. Bxc3 Nxc3 21. Rfc1 Nxa2 22. Ra1 Rxc2 23. Qd4 Rc1+ 24. Kg2 Rxa1 25. Qxa1 Nb4 26. Qd4 a5 27. f4 Qe6 28. h3 Qe4+ 29. Qxe4 dxe4 30. Kf1 Rd8 31. Ke2 Nc2 32. g4 e3 33. f5 Rd2+ 34. Kf3 e2 35. Kf4 e1=Q 36. b4 Rd4+ 37. Kg5 f6+ 38. Kh5 Qg3 39. g5 Rh4# 0-1

[Event "CYCC U12 w"]
[Site "Victoria CAN"]
[Date "2009.07.23"]
[Round "5"]
[White "Giblon, Rebecca"]
[Black "Sametova, Zhanna"]
[Result "1-0"]
[WhiteElo "1556"]
[BlackElo "1145"]
[PlyCount "49"]
[GameId "2160767910093787"]
[EventDate "2009.07.21"]
[EventType "swiss"]
[EventRounds "7"]
[EventCountry "CAN"]
[SourceTitle "EXT 2011"]
[Source "ChessBase"]
[SourceDate "2011.11.26"]
[SourceVersion "1"]
[SourceVersionDate "2011.11.26"]
[SourceQuality "1"]

1. e4 c5 2. Nf3 Nc6 3. d4 cxd4 4. Nxd4 Nf6 5. Nc3 d6 6. Be3 e6 7. Qd2 Be7 8. O-O-O a6 9. h3 O-O 10. g4 h6 11. Be2 Bd7 12. h4 Nxd4 13. Bxd4 e5 14. Be3 Nxg4 15. Bxg4 Bxg4 16. Rdg1 h5 17. f3 Bxf3 18. Bh6 Bg4 19. Rxg4 hxg4 20. Rg1 Qd7 21. Nd5 Bxh4 22. Qh2 Bd8 23. Rh1 Re8 24. Bxg7 Bg5+ 25. Kb1 1-0

[Event "CYCC U12 w"]
[Site "Victoria CAN"]
[Date "2009.07.23"]
[Round "5"]
[White "Peng, Jackie"]
[Black "Foote, Joanne"]
[Result "0-1"]
[WhiteElo "1530"]
[BlackElo "1345"]
[PlyCount "110"]
[GameId "2160767910093788"]
[EventDate "2009.07.21"]
[EventType "swiss"]
[EventRounds "7"]
[EventCountry "CAN"]
[SourceTitle "hb 2009.10"]

1. e4 e6 2. d4 d5 3. exd5 exd5 4. Nf3 Bd6 5. Bd3 Nf6 6. Nc3 O-O 7. O-O Bg4 8. Bg5 c6 9. Re1 Nbd7 10. h3 Bh5 11. Be2 Qc7 12. Nd2 Bg6 13. Nf1 Rfe8 14. Bh4 h6 15. Bg3 Bxg3 16. Nxg3 Re7 17. Qd2 Nf8 18. Bd3 Rae8 19. Bxg6 Nxg6 20. Rxe7 Rxe7 21. Re1 Rxe1+ 22. Qxe1 Qb6 23. Nge2 Qxb2 24. Qb1 Qxb1+ 25. Nxb1 Kf8 26. Ng3 Ke7 27. Nd2 Ke6 28. Nb1 Nf4 29. Nc3 N6h5 30. Nxh5 Nxh5 31. Ne2 g5 32. g4 Ng7 33. f4 f5 34. Kf2 Kf6 35. Kf3 Ne8 36. Ng3 Nd6 37. gxf5 Nxf5 38. fxg5+ Kxg5 39. Nxf5 Kxf5 40. c3 b5 41. a3 a6 42. Kg3 Kg5 43. h4+ Kf5 44. Kf3 h5 45. Ke3 Kg4 46. Kf2 Kxh4 47. Kf3 Kg5 48. Kg3 h4+ 49. Kh3 a5 50. Kg2 Kg4 51. Kh2 h3 52. Kg1 Kf3 53. Kh2 Ke3 54. Kxh3 Kd3 55. Kg3 Kxc3 0-1

[Event "CYCC U12 w"]
[Site "Victoria CAN"]
[Date "2009.07.23"]
[Round "6"]
[White "Foote, Joanne"]
[Black "Tram, Patience"]
[Result "1-0"]
[WhiteElo "1345"]
[BlackElo "658"]
[PlyCount "41"]
[GameId "2160767910093789"]
[EventDate "2009.07.21"]
[EventType "swiss"]
[EventRounds "7"]
[EventCountry "CAN"]
[SourceTitle "hb 2009.10"]

1. e4 Nf6 2. e5 Ng8 3. d4 g6 4. Nf3 d6 5. Bf4 h6 6. Bd3 Rh7 7. O-O Rg7 8. Nc3 Rh7 9. Re1 a5 10. exd6 c6 11. dxe7 Bxe7 12. Bc4 Kf8 13. h3 a4 14. a3 Bd7 15. d5 Qc8 16. d6 b6 17. dxe7+ Nxe7 18. Bd6 f6 19. Qe2 Na6 20. Bxe7+ Rxe7 21. Qxe7# 1-0

[Event "CYCC U12 w"]
[Site "Victoria CAN"]
[Date "2009.07.23"]
[Round "6"]
[White "Hou, Louisa Qianqian"]
[Black "Peng, Jackie"]
[Result "0-1"]
[WhiteElo "1331"]
[BlackElo "1530"]
[PlyCount "112"]
[GameId "2160767910093790"]
[EventDate "2009.07.21"]
[EventType "swiss"]
[EventRounds "7"]
[EventCountry "CAN"]
[SourceTitle "hb 2009.10"]

1. d4 d5 2. c4 c6 3. Nc3 Nf6 4. Nf3 e6 5. Bg5 Nbd7 6. e3 Qa5 7. a3 dxc4 8. Bxc4 Ne4 9. Rc1 Nxg5 10. Nxg5 Qxg5 11. O-O Bd6 12. g3 O-O 13. Ne4 Qe7 14. Nxd6 Qxd6 15. Re1 Nf6 16. Bf1 Bd7 17. Bg2 Rad8 18. e4 e5 19. f4 Qxd4+ 20. Qxd4 exd4 21. Red1 Be6 22. f5 Bc8 23. Rc4 Rd7 24. Rcxd4 Rfd8 25. Rxd7 Rxd7 26. Re1 Re7 27. h3 Bxf5 28. e5 Nd7 29. g4 Nxe5 30. Re2 Bd7 31. g5 h6 32. h4 hxg5 33. hxg5 f6 34. gxf6 gxf6 35. Kf2 f5 36. Kg3 Rf7 37. Kf4 Ng6+ 38. Kg5 Rg7 39. Kf6 Nf8 40. Bf3 Rg6+ 41. Ke5 Re6+ 42. Kf4 Rf6 43. Kg5 Nh7+ 44. Kf4 Be6 45. b4 Rf7 46. Rg2+ Kf8 47. Ke5 Ke7 48. Bh5 Nf6 49. Bxf7 Kxf7 50. Rb2 a6 51. a4 Bd7 52. Rc2 Ke7 53. b5 axb5 54. axb5 Ng4+ 55. Kd4 Kf6 56. bxc6 Bxc6 0-1

[Event "CYCC U12 w"]
[Site "Victoria CAN"]
[Date "2009.07.23"]
[Round "6"]
[White "Sametova, Zhanna"]
[Black "Carradice, Moriah"]
[Result "1-0"]
[WhiteElo "1145"]
[BlackElo "853"]
[PlyCount "111"]
[GameId "2160767910093792"]
[EventDate "2009.07.21"]
[EventType "swiss"]
[EventRounds "7"]
[EventCountry "CAN"]
[SourceTitle "hb 2009.10"]

1. e4 e5 2. Nf3 Nf6 3. d4 Bb4+ 4. Bd2 c5 5. Bxb4 cxb4 6. dxe5 Nxe4 7. Qd4 d5 8. Qxb4 Nc6 9. Qb3 Na5 10. Qd3 Nc4 11. Nc3 Nxb2 12. Qb5+ Bd7 13. Qxb2 O-O 14. Bd3 Bf5 15. O-O b6 16. Nd4 Qg5 17. Nxf5 Qxf5 18. f3 Qxe5 19. fxe4 Rac8 20. Na4 Rfe8 21. Qxe5 Rxe5 22. exd5 Rxd5 23. Rfe1 g6 24. Re7 b5 25. Nb2 a6 26. Rae1 Rg5 27. Re8+ Rxe8 28. Rxe8+ Kg7 29. c4 bxc4 30. Bxc4 a5 31. Ra8 f5 32. Rxa5 Kh6 33. Kf2 Rh5 34. Ra3 Rxh2 35. Rh3+ Rxh3 36. gxh3 g5 37. a4 g4 38. hxg4 fxg4 39. a5 Kh5 40. a6 Kh4 41. a7 g3+ 42. Kg2 h6 43. a8=Q h5 44. Qe4+ Kg5 45. Kxg3 h4+ 46. Qxh4+ Kf5 47. Be6+ Kxe6 48. Qg5 Kd6 49. Kf4 Ke6 50. Ke4 Kd6 51. Kd4 Ke6 52. Qe5+ Kd7 53. Kd5 Kd8 54. Kd6 Kc8 55. Qg7 Kd8 56. Qf8# 1-0

[Event "CYCC U12 w"]
[Site "Victoria CAN"]
[Date "2009.07.23"]
[Round "7"]
[White "Carradice, Moriah"]
[Black "Giblon, Rebecca"]
[Result "0-1"]
[WhiteElo "853"]
[BlackElo "1556"]
[PlyCount "74"]
[GameId "2160767910093793"]
[EventDate "2009.07.21"]
[EventType "swiss"]
[EventRounds "7"]
[EventCountry "CAN"]
[SourceTitle "EXT 2011"]
[Source "ChessBase"]
[SourceDate "2011.11.26"]
[SourceVersion "1"]
[SourceVersionDate "2011.11.26"]
[SourceQuality "1"]

1. e4 e5 2. Nf3 Nc6 3. Nc3 Nf6 4. Nd5 d6 5. d3 h6 6. b4 Nxd5 7. exd5 Nxb4 8. g3 Nxd5 9. Bg5 hxg5 10. c4 Nb6 11. h4 Bg4 12. Be2 Bxf3 13. Bxf3 c6 14. Qd2 gxh4 15. O-O-O g6 16. d4 Bh6 17. Kc2 Bxd2 18. Rxd2 Nxc4 19. Rd3 exd4 20. Rxd4 Ne5 21. Bd1 Kd7 22. g4 Qf6 23. Rf1 h3 24. f4 Kc7 25. g5 Qf5+ 26. Kc3 h2 27. Rh1 Qh3+ 28. Kc2 Qg2+ 29. Be2 Qxh1 30. Rd1 Qxd1+ 31. Bxd1 h1=Q 32. fxe5 dxe5 33. a4 Rh2+ 34. Kd3 Qxd1+ 35. Ke3 Re2+ 36. Kf3 Qd3+ 37. Kg4 Re4# 0-1

[Event "CYCC U12 w"]
[Site "Victoria CAN"]
[Date "2009.07.23"]
[Round "7"]
[White "Tram, Patience"]
[Black "Hou, Qian Qian"]
[Result "0-1"]
[WhiteElo "658"]
[BlackElo "1331"]
[PlyCount "70"]
[GameId "2160767910093794"]
[EventDate "2009.07.21"]
[EventType "swiss"]
[EventRounds "7"]
[EventCountry "CAN"]
[SourceTitle "EXT 2011"]
[Source "ChessBase"]
[SourceDate "2011.11.26"]
[SourceVersion "1"]
[SourceVersionDate "2011.11.26"]
[SourceQuality "1"]

1. e3 d5 2. d4 c5 3. Nf3 Nf6 4. Nc3 Bg4 5. Be2 e6 6. Nh4 Bxe2 7. Qxe2 Nc6 8. O-O cxd4 9. exd4 Nxd4 10. Qd3 Nc6 11. Re1 Be7 12. Na4 O-O 13. Be3 Rc8 14. Bc5 Bxc5 15. Nxc5 Qc7 16. Qb5 Nd4 17. Qd3 Qxc5 18. Rad1 Nc6 19. Re3 Ne7 20. Qd4 Qxd4 21. Rxd4 Rxc2 22. Kf1 Rxb2 23. Ra4 a6 24. Re1 Rc8 25. Rf4 Rcc2 26. g3 Ne4 27. Kg2 g5 28. Rf3 gxh4 29. gxh4 Nf5 30. Kh3 Nxf2+ 31. Kg2 Nd3+ 32. Kf1 Nxe1 33. Rf2 Rxf2+ 34. Kxe1 Rxh2 35. Kd1 Rh1# 0-1

[Event "CYCC U12 w"]
[Site "Victoria CAN"]
[Date "2009.07.24"]
[Round "7"]
[White "Peng, Jackie"]
[Black "Sametova, Zhanna"]
[Result "1-0"]
[WhiteElo "1530"]
[BlackElo "1145"]
[PlyCount "99"]
[GameId "2160767910093795"]
[EventDate "2009.07.21"]
[EventType "swiss"]
[EventRounds "7"]
[EventCountry "CAN"]
[SourceTitle "hb 2009.10"]

1. e4 c5 2. Nf3 Nc6 3. d4 cxd4 4. Nxd4 Nf6 5. Nc3 d6 6. Be3 e6 7. Be2 g6 8. Qd2 a6 9. f3 Bg7 10. O-O-O d5 11. exd5 Nxd5 12. Nxd5 exd5 13. Nb3 Qf6 14. c3 Be6 15. Rhe1 Bf5 16. Bg5 Nb4 17. Bd3+ Kf8 18. Bxf6 Nxd3+ 19. Qxd3 Bxd3 20. Bxg7+ Kxg7 21. Rxd3 Rhd8 22. Red1 Kf6 23. Rxd5 Rxd5 24. Rxd5 Ke6 25. Rd1 b6 26. Nd4+ Kd5 27. Re1 Ra7 28. Kd2 Kd6 29. b3 Kc5 30. Kd3 a5 31. a3 Rd7 32. b4+ axb4 33. axb4+ Kd6 34. c4 Kc7 35. c5 bxc5 36. bxc5 Kd8 37. Kc4 Kc7 38. Rb1 Kc8 39. c6 Rc7 40. Kc5 Kd8 41. Rb8+ Ke7 42. Rb7 Kd8 43. Rxc7 Kxc7 44. Nb5+ Kc8 45. Kd6 Kd8 46. c7+ Kc8 47. Na7+ Kb7 48. c8=Q+ Kxa7 49. Kc6 f5 50. Qb7# 1-0

[Event "CYCC U14"]
[Site "Victoria CAN"]
[Date "2009.07.21"]
[Round "1"]
[White "Gladstone, Simon"]
[Black "Li, Changhe"]
[Result "1/2-1/2"]
[WhiteElo "1876"]
[BlackElo "2106"]
[PlyCount "78"]
[GameId "2160767910093797"]
[EventDate "2009.07.21"]
[EventType "swiss"]
[EventRounds "7"]
[EventCountry "CAN"]
[SourceTitle "hb 2009.10"]

1. e4 c5 2. Nf3 e6 3. d4 cxd4 4. Nxd4 a6 5. Nc3 Qc7 6. Bd3 Bd6 7. Qg4 Ne7 8. f4 Bb4 9. Bd2 Kf8 10. O-O-O Nbc6 11. Nf3 b5 12. f5 Ne5 13. Nxe5 Qxe5 14. Rhf1 Bb7 15. Bf4 exf5 16. exf5 Qf6 17. Bg5 h5 18. Qh4 Bxc3 19. Bxf6 Bxf6 20. Qg3 h4 21. Qf2 Bd5 22. Kb1 Rh5 23. g4 hxg3 24. hxg3 Bg5 25. Rfe1 Rh6 26. Be4 Bxe4 27. Rxe4 d5 28. Ree1 Rd8 29. Rh1 Rdd6 30. g4 Kg8 31. Qg3 Rdf6 32. a3 Kh7 33. Qe5 Rc6 34. f6 Bxf6 35. Rxh6+ gxh6 36. Qf4 Kg7 37. Rh1 Bg5 38. Qe5+ Bf6 39. Qf4 Bg5 1/2-1/2

[Event "CYCC U14"]
[Site "Victoria CAN"]
[Date "2009.07.21"]
[Round "1"]
[White "Marinkovic, Mate"]
[Black "Sorko, Nicholas"]
[Result "1-0"]
[WhiteElo "2045"]
[BlackElo "1432"]
[PlyCount "47"]
[GameId "2160767910093798"]
[EventDate "2009.07.21"]
[EventType "swiss"]
[EventRounds "7"]
[EventCountry "CAN"]
[SourceTitle "EXT 2011"]
[Source "ChessBase"]
[SourceDate "2011.11.26"]
[SourceVersion "1"]
[SourceVersionDate "2011.11.26"]
[SourceQuality "1"]

1. e4 e5 2. Nc3 Nc6 3. Bc4 Nf6 4. d3 h6 5. f4 d6 6. f5 a6 7. a4 Ne7 8. Nf3 d5 9. exd5 Nexd5 10. Nxd5 Nxd5 11. Nxe5 c6 12. O-O Bc5+ 13. d4 Bb6 14. c3 Qf6 15. Kh1 a5 16. Qf3 Bc7 17. Bd2 O-O 18. Rae1 Ne7 19. Qh5 Bd6 20. Ng4 Qxf5 21. Rxf5 Bxf5 22. Ne5 Bg6 23. Nxg6 Nxg6 24. Qxg6 1-0

[Event "CYCC U14"]
[Site "Victoria CAN"]
[Date "2009.07.21"]
[Round "1"]
[White "Sohal, Tanraj"]
[Black "Itkin, David"]
[Result "1-0"]
[WhiteElo "2136"]
[BlackElo "1819"]
[PlyCount "57"]
[GameId "2160767910093799"]
[EventDate "2009.07.21"]
[EventType "swiss"]
[EventRounds "7"]
[EventCountry "CAN"]
[SourceTitle "EXT 2011"]
[Source "ChessBase"]
[SourceDate "2011.11.26"]
[SourceVersion "1"]
[SourceVersionDate "2011.11.26"]
[SourceQuality "1"]

1. d4 Nf6 2. c4 g6 3. Nc3 Bg7 4. e4 d6 5. f3 O-O 6. Be3 Nc6 7. Nge2 e5 8. Qd2 a5 9. d5 Ne7 10. O-O-O Bd7 11. g4 Be8 12. Ng3 a4 13. h4 Nd7 14. Bd3 c6 15. h5 f6 16. hxg6 Bxg6 17. Nf5 Nc5 18. Nxg7 Kxg7 19. Bh6+ Kg8 20. Bxf8 Qxf8 21. Bc2 Nc8 22. f4 exf4 23. Qxf4 a3 24. b3 Qg7 25. Qe3 Rb8 26. Qd4 Na6 27. Rdf1 c5 28. Qxf6 Nb4 29. Qd8+ 1-0

[Event "CYCC U14"]
[Site "Victoria CAN"]
[Date "2009.07.21"]
[Round "1"]
[White "Zhang, David"]
[Black "Kaminski, Thomas"]
[Result "1/2-1/2"]
[WhiteElo "1999"]
[BlackElo "2141"]
[PlyCount "180"]
[GameId "2160767910093800"]
[EventDate "2009.07.21"]
[EventType "swiss"]
[EventRounds "7"]
[EventCountry "CAN"]
[SourceTitle "EXT 2011"]
[Source "ChessBase"]
[SourceDate "2011.11.26"]
[SourceVersion "1"]
[SourceVersionDate "2011.11.26"]
[SourceQuality "1"]

1. e4 d5 2. exd5 Qxd5 3. Nc3 Qd6 4. d4 Nf6 5. Bc4 a6 6. Nf3 Bg4 7. O-O e6 8. h3 Bh5 9. Re1 Be7 10. d5 Bxf3 11. Qxf3 e5 12. Qg3 Nbd7 13. Qxg7 Rg8 14. Qh6 O-O-O 15. a4 Rg6 16. Qd2 Rdg8 17. Bf1 Nb6 18. b3 Nbxd5 19. Ba3 Qc6 20. Nxd5 Nxd5 21. Bxe7 Nxe7 22. g3 Nf5 23. Bg2 Qc5 24. b4 Qb6 25. Kh2 Rd6 26. Qe2 f6 27. b5 a5 28. c4 Nd4 29. Qe4 Rg7 30. c5 Qxc5 31. Qxb7+ Kd7 32. Rac1 Qb6 33. Bc6+ Ke7 34. Qxb6 cxb6 35. Be4 Kd8 36. Rc3 Ne6 37. Rd3 Rxd3 38. Bxd3 Nc5 39. Rd1 Rd7 40. Bc2 Rxd1 41. Bxd1 Ke7 42. g4 Kd6 43. h4 h6 44. Kg3 Kd5 45. f4 Nd3 46. fxe5 Kxe5 47. Kf3 Nf4 48. Bc2 Ne6 49. Ke3 Nd4 50. Bd1 f5 51. g5 hxg5 52. hxg5 Ne6 53. g6 Kf6 54. Kd3 Kxg6 55. Kc4 Nf4 56. Kd4 Kf6 57. Bf3 Ke6 58. Bb7 Ne2+ 59. Kd3 Ng3 60. Kd4 Nh5 61. Bc8+ Kd6 62. Bxf5 Ng7 63. Bg4 Ne8 64. Bf5 Nf6 65. Bh3 Nd5 66. Bg4 Nf4 67. Ke4 Ng6 68. Kd4 Ne5 69. Be2 Nd7 70. Bd1 Nc5 71. Bc2 Ne6+ 72. Kc4 Ke5 73. Bb1 Nc7 74. Bg6 Nd5 75. Bf7 Nf4 76. Bg8 Ne2 77. Kd3 Ng3 78. Kc4 Ne4 79. Bh7 Nd6+ 80. Kc3 Kd5 81. Bd3 Kc5 82. Bg6 Nc4 83. Bf7 Ne5 84. Bh5 Nd7 85. Bg4 Nf6 86. Bf3 Nh7 87. Be4 Ng5 88. Bg2 Ne6 89. Be4 Nd4 90. Bh7 Ne2+ 1/2-1/2

[Event "CYCC U14"]
[Site "Victoria CAN"]
[Date "2009.07.21"]
[Round "2"]
[White "Cheng, Jack"]
[Black "Marinkovic, Mate"]
[Result "0-1"]
[WhiteElo "2064"]
[BlackElo "2045"]
[PlyCount "132"]
[GameId "2160767910093801"]
[EventDate "2009.07.21"]
[EventType "swiss"]
[EventRounds "7"]
[EventCountry "CAN"]
[SourceTitle "EXT 2011"]
[Source "ChessBase"]
[SourceDate "2011.11.26"]
[SourceVersion "1"]
[SourceVersionDate "2011.11.26"]
[SourceQuality "1"]

1. e4 c5 2. Nf3 e6 3. d4 cxd4 4. Nxd4 Nc6 5. Nc3 Qc7 6. Be2 a6 7. O-O Nf6 8. Be3 Bb4 9. Na4 Be7 10. Nxc6 bxc6 11. Nb6 Rb8 12. Nxc8 Qxc8 13. Bd4 O-O 14. e5 Nd5 15. c4 Nb6 16. Bd3 c5 17. Bc3 Qc6 18. b3 f5 19. Qe2 Ra8 20. f4 a5 21. a4 Nc8 22. Rf3 Qb6 23. Bc2 Rf7 24. Rd1 Bf8 25. Rfd3 Ra7 26. Rh3 Ne7 27. g4 g6 28. Qg2 fxg4 29. Qxg4 Nf5 30. Rd2 Bg7 31. Rg2 d5 32. exd6 Bxc3 33. Rxh7 Rg7 34. Rh6 Qxd6 35. Rxg6 Ne3 36. Qh5 Nxg2 37. Rxg7+ Rxg7 38. Qe8+ Qf8 39. Qxe6+ Rf7 40. Qg4+ Bg7 41. Qh5 Bd4+ 42. Kxg2 Rg7+ 43. Bg6 Qxf4 44. Qd5+ Kh8 45. Qh5+ Kg8 46. Qd5+ Rf7 47. Bxf7+ Qxf7 48. Qd8+ Kg7 49. Qg5+ Qg6 50. h4 Qxg5+ 51. hxg5 Kg6 52. Kf3 Kxg5 53. Ke4 Bc3 54. Kd5 Bb4 55. Ke5 Kg4 56. Ke4 Kg3 57. Ke3 Ba3 58. Ke4 Kf2 59. Kd3 Kf3 60. Kd2 Bb4+ 61. Kd3 Kf2 62. Kc2 Ke2 63. Kc1 Kd3 64. Kb2 Kd2 65. Ka1 Kc2 66. Ka2 Kc3 0-1

[Event "CYCC U14"]
[Site "Victoria CAN"]
[Date "2009.07.21"]
[Round "2"]
[White "Han, Yifei"]
[Black "Zhu, Zheng"]
[Result "1-0"]
[WhiteElo "1921"]
[BlackElo "1581"]
[PlyCount "117"]
[GameId "2160767910093802"]
[EventDate "2009.07.21"]
[EventType "swiss"]
[EventRounds "7"]
[EventCountry "CAN"]
[SourceTitle "hb 2009.10"]

1. e4 e6 2. d4 d5 3. e5 c5 4. c3 Nc6 5. Nf3 Qb6 6. a3 a5 7. Bd3 Bd7 8. Bc2 cxd4 9. cxd4 Nh6 10. Nc3 g6 11. Na4 Qc7 12. Bg5 Bg7 13. O-O O-O 14. Qd2 Nf5 15. Bxf5 exf5 16. Nc3 Be6 17. Bf6 h6 18. Bxg7 Kxg7 19. Rac1 f6 20. exf6+ Rxf6 21. Na4 Qd6 22. Rfe1 Rf7 23. Nc5 Re8 24. Nd3 Rc7 25. Nfe5 Nxe5 26. Nxe5 b6 27. Rxc7+ Qxc7 28. Rc1 Qb8 29. Rc6 g5 30. g3 Re7 31. Qe2 Qf8 32. Rxb6 f4 33. g4 h5 34. gxh5 Bf5 35. Qf3 Rxe5 36. dxe5 Qc5 37. Qc3 Qxc3 38. bxc3 a4 39. Kf1 Bc2 40. Ke1 Kh7 41. Kd2 Bf5 42. Ra6 Be4 43. Rxa4 Kh6 44. Rxe4 dxe4 45. a4 Kxh5 46. a5 Kg4 47. Ke2 Kh3 48. a6 Kxh2 49. a7 e3 50. fxe3 g4 51. exf4 g3 52. a8=Q Kg1 53. f5 Kh2 54. f6 Kh3 55. f7 Kh4 56. f8=Q Kg5 57. Qb7 Kg6 58. Qbg7+ Kh5 59. Qfh8# 1-0

[Event "CYCC U14"]
[Site "Victoria CAN"]
[Date "2009.07.21"]
[Round "2"]
[White "Itkin, David"]
[Black "Sorko, Nicholas"]
[Result "1-0"]
[WhiteElo "1819"]
[BlackElo "1432"]
[PlyCount "79"]
[GameId "2160767910093803"]
[EventDate "2009.07.21"]
[EventType "swiss"]
[EventRounds "7"]
[EventCountry "CAN"]
[SourceTitle "EXT 2011"]
[Source "ChessBase"]
[SourceDate "2011.11.26"]
[SourceVersion "1"]
[SourceVersionDate "2011.11.26"]
[SourceQuality "1"]

1. e4 e5 2. d4 exd4 3. Qxd4 Nc6 4. Qe3 d6 5. Nc3 Nf6 6. Bc4 Be7 7. Bd2 Ne5 8. Bb3 c5 9. f4 Ned7 10. O-O-O Nb6 11. Qe2 Qc7 12. a3 Bd7 13. e5 dxe5 14. fxe5 Ng4 15. e6 Bxe6 16. Bxe6 fxe6 17. Qxg4 Qe5 18. Re1 Qf6 19. Rxe6 Qf7 20. Bg5 Nc8 21. Qa4+ Kf8 22. Bxe7+ Nxe7 23. Re3 Kg8 24. Nf3 h6 25. Ne5 Qf6 26. Qc4+ Kh7 27. Rf1 Qg5 28. Qe4+ Ng6 29. Nxg6 Qxg6 30. Qxg6+ Kxg6 31. Rg3+ Kh7 32. Rf7 Rhg8 33. Ne4 Kh8 34. Rg6 Raf8 35. Rxb7 a5 36. g4 Rf4 37. Re7 Rf3 38. g5 hxg5 39. Nxg5 Rf5 40. Rh6+ 1-0